01304ngm a2200301 u 450000100070000000500170000700700060002400800410003003500110007104000130008204100080009508000060010310000370010924500320014626000460017830000570022452003240028165000190060565000460062465000460067070000420071670000320075870000370079077300800082778700640090794200120097199900190098363441620240923091344.0vf|||001104s1983 spa  a634416 ccomduadb aspa aV10aKatten, Steven4drtedrt930103710aComo pensar como un gerente aEstados Unidos :bCRM Productions,c1983. a1 videocasete (25 min.) : son., col. ; 1/2 plg.3VHS3 aResumen: Plantea como pasar de subordinado a gerente, es un cambio radical donde no solo se requiere habilidad administrativa en su desempe?o sino evitar caer en errores, como demaciado control, muy critico o mucho poder en su cargo o delegar sin autoridad entre otros y comenta las diferencias entre jefe y subordinado aGerentes98027 7aAdministración de personal2lemb935171 7aAdministración de empresas2lemb94035910aReynolds, Janice M.4proepro930243310aReid, Max4auteaut932749810aTimnons, Kirby4auteaut93274990 tTrabajo en equipo = Team building: making the task the bossw584333014328708iTítulo/paralelotLearning to think like a managerw634419 cBOOKn0 c170195d170195